000 00519nam a2200181Ia 4500
999 _c16630
_d16630
003 OSt
005 20200606115950.0
008 190216s9999||||xx |||||||||||||| ||und||
020 _a81901532153
040 _cMESKC library
082 _a891.433
_bSAR/D
100 _aSarkar, Soumya
_9330
245 0 _aDesha-Duniya Ki Bal Kathayam /
_cSoumya Sarkar
260 _bChildren Book Center,
_c2009.
_aDelhi:
300 _a192p
650 _aHindi
942 _cBK
_2ddc
_h891.433
_iSAR/D
_k891.433
_mSAR/D